[Event "HUN-chT2 Asztalos 1718"]
[Site "Hungary"]
[Date "2018.02.18"]
[Round "6.2"]
[White "Horvath, Attila"]
[Black "Szaz, Ferenc"]
[Result "1-0"]
[WhiteElo "2147"]
[BlackElo "2031"]
[PlyCount "67"]
[EventDate "2017.10.29"]
[EventType "team-tourn"]
[EventRounds "9"]
[EventCountry "HUN"]
[SourceTitle "EXT 2021"]
[Source "ChessBase"]
[SourceDate "2020.10.23"]
[SourceVersion "1"]
[SourceVersionDate "2020.10.23"]
[SourceQuality "1"]
[WhiteTeam "Nagyatad"]
[BlackTeam "Komlo Banyasz II"]
[WhiteTeamCountry "HUN"]
[BlackTeamCountry "HUN"]

1. d4 Nf6 2. Nf3 d5 3. Bf4 e6 4. e3 Bd6 5. Bg3 Bxg3 6. hxg3 c5 7. c3 b6 8. Bd3 0-0 9. Nbd2 Ba6 10. Qe2 Bxd3 11. Qxd3 h6 12. Ne5 Nbd7 13. f4 c4 14. Qe2 Nxe5 15. dxe5 Nh7 16. g4 f6 17. Nf3 Qe7 18. 0-0-0 b5 19. exf6 Qxf6 20. Rh5 b4 21. g5 Qf5 22. Nd4 Qg6 23. cxb4 a5 24. b5 e5 25. f5 Qb6 26. gxh6 exd4 27. hxg7 Rf7 28. Rxh7 Kxh7 29. Rh1+ Kxg7 30. Qg4+ Kf8 31. Rh8+ Ke7 32. Rxa8 dxe3 33. Ra6 Qxb5 34. Qg5+ 1-0

[Event "HUN-chT2 Asztalos 1617"]
[Site "Hungary"]
[Date "2017.02.26"]
[Round "9.3"]
[White "Nemeth, Antal"]
[Black "Horvath, Attila"]
[Result "1/2-1/2"]
[WhiteElo "2269"]
[BlackElo "2147"]
[PlyCount "35"]
[EventDate "2016.09.25"]
[EventType "team-tourn"]
[EventRounds "11"]
[EventCountry "HUN"]
[SourceTitle "EXT 2021"]
[Source "ChessBase"]
[SourceDate "2020.10.23"]
[SourceVersion "1"]
[SourceVersionDate "2020.10.23"]
[SourceQuality "1"]
[WhiteTeam "Baja"]
[BlackTeam "Nagyatad"]
[WhiteTeamCountry "HUN"]
[BlackTeamCountry "HUN"]

1. Nf3 Nf6 2. g3 g6 3. Bg2 Bg7 4. d4 d6 5. c4 0-0 6. Nc3 Nc6 7. 0-0 e5 8. d5 Na5 9. Nd2 c5 10. Qc2 a6 11. b3 Rb8 12. Rb1 Bf5 13. e4 Bd7 14. f4 exf4 15. gxf4 b5 16. cxb5 axb5 17. Ne2 Ng4 18. Nf3 1/2-1/2

[Event "HUN-chT2 Asztalos 1617"]
[Site "Hungary"]
[Date "2017.01.29"]
[Round "7.2"]
[White "Horvath, Attila"]
[Black "Papagorasz, Takisz"]
[Result "1/2-1/2"]
[WhiteElo "2147"]
[BlackElo "2132"]
[PlyCount "118"]
[EventDate "2016.09.25"]
[EventType "team-tourn"]
[EventRounds "11"]
[EventCountry "HUN"]
[SourceTitle "EXT 2021"]
[Source "ChessBase"]
[SourceDate "2020.10.23"]
[SourceVersion "1"]
[SourceVersionDate "2020.10.23"]
[SourceQuality "1"]
[WhiteTeam "Nagyatad"]
[BlackTeam "Fehervar"]
[WhiteTeamCountry "HUN"]
[BlackTeamCountry "HUN"]

1. e4 e5 2. Nc3 Nc6 3. g3 Bc5 4. Bg2 d6 5. Na4 Nf6 6. Nxc5 dxc5 7. Ne2 Bg4 8. f3 Be6 9. 0-0 Qd7 10. c3 0-0-0 11. Qa4 Kb8 12. Rf2 h5 13. b3 h4 14. g4 Nh7 15. h3 f6 16. Bb2 Qf7 17. d4 Bd7 18. dxc5 Nd4 19. Qa5 b6 20. cxb6 axb6 21. Qd5 Be6 22. Qxd8+ Rxd8 23. cxd4 exd4 24. Nxd4 Rd6 25. f4 Qd7 26. Nf3 Rd1+ 27. Rxd1 Qxd1+ 28. Kh2 g5 29. Rd2 Qb1 30. Nd4 Qe1 31. Rd3 Bd7 32. Bc3 Qf2 33. Rf3 Qxa2 34. fxg5 Nxg5 35. Rxf6 c5 36. Nf3 Ne6 37. Rf7 Kc8 38. g5 Qxb3 39. Be5 Qe3 40. g6 Qxe4 41. g7 Nxg7 42. Rxg7 Bc6 43. Bd6 Qd5 44. Bf4 Qf5 45. Rg4 Qc2 46. Nxh4 Bxg2 47. Nxg2 b5 48. Rg8+ Kd7 49. h4 b4 50. h5 b3 51. Be5 b2 52. Bxb2 Qxb2 53. h6 Qe5+ 54. Rg3 c4 55. h7 c3 56. Ne3 c2 57. Nxc2 Qe2+ 58. Rg2 Qh5+ 59. Kg1 Qxh7 1/2-1/2

[Event "HUN-chT2 Asztalos 1516"]
[Site "Hungary"]
[Date "2016.04.17"]
[Round "11.3"]
[White "Halasz, Attila"]
[Black "Horvath, Attila"]
[Result "1/2-1/2"]
[WhiteElo "2154"]
[BlackElo "2144"]
[PlyCount "28"]
[EventDate "2015.09.13"]
[EventType "team-tourn"]
[EventRounds "11"]
[EventCountry "HUN"]
[SourceTitle "EXT 2017"]
[Source "ChessBase"]
[SourceDate "2016.10.25"]
[SourceVersion "1"]
[SourceVersionDate "2016.10.25"]
[SourceQuality "1"]
[WhiteTeam "Szentlorinc"]
[BlackTeam "Nagyatad"]
[WhiteTeamCountry "HUN"]
[BlackTeamCountry "HUN"]

1. d4 d5 2. Nf3 Nf6 3. c4 e6 4. Nc3 c6 5. Bg5 Be7 6. e3 Nbd7 7. cxd5 exd5 8. Qc2 0-0 9. Bd3 Re8 10. 0-0 h6 11. Bh4 Ne4 12. Bxe7 Qxe7 13. Rab1 Ng5 14. Nxg5 Qxg5 1/2-1/2

[Event "HUN-chT2 Asztalos 1516"]
[Site "Hungary"]
[Date "2016.04.03"]
[Round "10.2"]
[White "Hovorka, Tamas"]
[Black "Horvath, Attila"]
[Result "1/2-1/2"]
[WhiteElo "2074"]
[BlackElo "2144"]
[PlyCount "29"]
[EventDate "2015.09.13"]
[EventType "team-tourn"]
[EventRounds "11"]
[EventCountry "HUN"]
[SourceTitle "EXT 2017"]
[Source "ChessBase"]
[SourceDate "2016.10.25"]
[SourceVersion "1"]
[SourceVersionDate "2016.10.25"]
[SourceQuality "1"]
[WhiteTeam "Pecs Karmin"]
[BlackTeam "Nagyatad"]
[WhiteTeamCountry "HUN"]
[BlackTeamCountry "HUN"]

1. d4 d5 2. Nf3 Nf6 3. Bg5 Nbd7 4. Nbd2 h6 5. Bh4 c6 6. e3 e6 7. Bd3 Be7 8. 0-0 0-0 9. c3 Re8 10. Re1 Qc7 11. Bg3 Bd6 12. Bxd6 Qxd6 13. e4 dxe4 14. Nxe4 Nxe4 15. Bxe4 1/2-1/2

[Event "HUN-chT2 Asztalos 1415"]
[Site "Hungary"]
[Date "2015.02.08"]
[Round "6"]
[White "Horvath, Attila"]
[Black "Nemeth, Antal"]
[Result "0-1"]
[WhiteElo "2150"]
[BlackElo "2283"]
[PlyCount "82"]
[EventDate "2014.10.12"]
[EventType "team-tourn"]
[EventRounds "9"]
[EventCountry "HUN"]
[SourceTitle "EXT 2016"]
[Source "ChessBase"]
[SourceDate "2015.10.08"]
[SourceVersion "1"]
[SourceVersionDate "2015.10.08"]
[SourceQuality "1"]
[WhiteTeam "Nagyatad"]
[BlackTeam "Baja Spartacus"]
[WhiteTeamCountry "HUN"]
[BlackTeamCountry "HUN"]

1. e4 c5 2. d4 cxd4 3. c3 Nf6 4. e5 Nd5 5. Nf3 e6 6. cxd4 d6 7. exd6 Bxd6 8. Nc3 Nxc3 9. bxc3 Qc7 10. Bd2 Nd7 11. Bd3 b6 12. 0-0 Bb7 13. Re1 0-0 14. h3 Rfd8 15. Ng5 Nf6 16. Ne4 Nxe4 17. Bxe4 Bxe4 18. Rxe4 Rac8 19. Qe2 Qc4 20. Qxc4 Rxc4 21. f4 Ba3 22. Rb1 Rd5 23. Re5 Rxe5 24. fxe5 f6 25. exf6 gxf6 26. Kf1 Ra4 27. Ke2 Kf7 28. Kd3 e5 29. Be1 Ke6 30. Bf2 Bd6 31. Rb2 h5 32. g4 hxg4 33. hxg4 Kd5 34. Rb5+ Kc6 35. Rb2 b5 36. Bh4 exd4 37. cxd4 Be7 38. Rf2 Ra3+ 39. Kc2 Rxa2+ 40. Kd3 Rxf2 41. Bxf2 Kd5 0-1

[Event "HUN-chT2 Asztalos 1415"]
[Site "Hungary"]
[Date "2014.12.14"]
[Round "4"]
[White "Hovorka, Tamas"]
[Black "Horvath, Attila"]
[Result "1/2-1/2"]
[WhiteElo "2081"]
[BlackElo "2150"]
[PlyCount "49"]
[EventDate "2014.10.12"]
[EventType "team-tourn"]
[EventRounds "9"]
[EventCountry "HUN"]
[SourceTitle "EXT 2016"]
[Source "ChessBase"]
[SourceDate "2015.10.08"]
[SourceVersion "1"]
[SourceVersionDate "2015.10.08"]
[SourceQuality "1"]
[WhiteTeam "Pecs Karmin"]
[BlackTeam "Nagyatad"]
[WhiteTeamCountry "HUN"]
[BlackTeamCountry "HUN"]

1. d4 d5 2. Nf3 Nf6 3. Bg5 Nbd7 4. Nbd2 h6 5. Bh4 e6 6. e3 Be7 7. Bd3 0-0 8. Qe2 c5 9. c3 Re8 10. 0-0 Qc7 11. e4 dxe4 12. Nxe4 Nxe4 13. Qxe4 Nf6 14. Bxf6 Bxf6 15. Qh7+ Kf8 16. Rad1 Bd7 17. Rfe1 cxd4 18. cxd4 Bc6 19. Ne5 Rad8 20. Rc1 Ke7 21. Bb5 Rxd4 22. Bxc6 Rc8 23. Nf3 Rd6 24. Bxb7 Qxb7 25. b3 1/2-1/2

[Event "HUN-chT2 Asztalos 1213"]
[Site "Hungary"]
[Date "2012.11.18"]
[Round "4.6"]
[White "Horvath, Attila"]
[Black "Kovacs, Tibor"]
[Result "1-0"]
[WhiteElo "2139"]
[BlackElo "1846"]
[PlyCount "83"]
[EventDate "2012.09.16"]
[EventType "team-tourn"]
[EventRounds "9"]
[EventCountry "HUN"]
[SourceTitle "EXT 2014"]
[Source "ChessBase"]
[SourceDate "2013.11.20"]
[SourceVersion "1"]
[SourceVersionDate "2013.11.20"]
[SourceQuality "1"]
[WhiteTeam "Nagyatad"]
[BlackTeam "Pecs Karmin"]
[WhiteTeamCountry "HUN"]
[BlackTeamCountry "HUN"]

1. e4 e5 2. Nc3 Nf6 3. g3 Bc5 4. Bg2 c6 5. Nf3 d6 6. 0-0 0-0 7. h3 b5 8. d3 a5 9. Ne2 Ba6 10. c3 Nbd7 11. d4 exd4 12. Nfxd4 Qc7 13. Nxc6 Qxc6 14. e5 d5 15. exf6 Nxf6 16. Nd4 Qd7 17. Re1 Ne4 18. Qh5 Nf6 19. Qg5 h6 20. Qh4 Rfe8 21. Bxh6 Ne4 22. Bxe4 dxe4 23. Bxg7 Kxg7 24. Qg5+ Kh7 25. Qxc5 Qxh3 26. Qf5+ Qxf5 27. Nxf5 Re5 28. Nd6 f5 29. Rad1 Kg6 30. Rd4 Kf6 31. Red1 Ke6 32. Ne8 Ra7 33. Rd6+ Kf7 34. Nf6 Ra8 35. Nd5 b4 36. cxb4 Be2 37. Rd2 Bf3 38. Rd7+ Kg6 39. Nf4+ Kg5 40. Rg7+ Kf6 41. Rdd7 Ree8 42. Rg6+ 1-0

[Event "HUN-chT2 Asztalos 1112"]
[Site "Hungary"]
[Date "2012.04.22"]
[Round "9.5"]
[White "Horvath, Attila"]
[Black "Szijarto, Attila"]
[Result "0-1"]
[WhiteElo "2108"]
[BlackElo "2083"]
[PlyCount "30"]
[EventDate "2011.09.25"]
[EventType "team-tourn"]
[EventRounds "11"]
[EventCountry "HUN"]
[SourceTitle "EXT 2013"]
[Source "ChessBase"]
[SourceDate "2012.11.22"]
[SourceVersion "1"]
[SourceVersionDate "2012.11.22"]
[SourceQuality "1"]
[WhiteTeam "Szentlorinc"]
[BlackTeam "Nagyatad"]
[WhiteTeamCountry "HUN"]
[BlackTeamCountry "HUN"]

1. e4 c5 2. Nf3 d6 3. d4 cxd4 4. Nxd4 Nf6 5. Nc3 g6 6. f3 Bg7 7. Be3 0-0 8. Qd2 Nc6 9. Bc4 Bd7 10. 0-0-0 Qa5 11. Nxc6 bxc6 12. g4 Rab8 13. Bh6 Qb4 14. b3 Bxh6 15. Qxh6 Qxc3 0-1

[Event "HUN-chT2 Asztalos 1112"]
[Site "Hungary"]
[Date "2011.11.27"]
[Round "4.9"]
[White "Vuity, Janos"]
[Black "Horvath, Attila"]
[Result "1/2-1/2"]
[WhiteElo "1909"]
[BlackElo "2108"]
[PlyCount "66"]
[EventDate "2011.09.25"]
[EventType "team-tourn"]
[EventRounds "11"]
[EventCountry "HUN"]
[SourceTitle "EXT 2013"]
[Source "ChessBase"]
[SourceDate "2012.11.22"]
[SourceVersion "1"]
[SourceVersionDate "2012.11.22"]
[SourceQuality "1"]
[WhiteTeam "Baja"]
[BlackTeam "Szentlorinc"]
[WhiteTeamCountry "HUN"]
[BlackTeamCountry "HUN"]

1. e4 c5 2. Nf3 Nc6 3. d4 cxd4 4. Nxd4 a6 5. Nc3 d6 6. Be2 Nf6 7. Be3 g6 8. f3 Bg7 9. Qd2 0-0 10. 0-0-0 Qc7 11. Kb1 Ne5 12. Bh6 Nc4 13. Bxc4 Qxc4 14. Bxg7 Kxg7 15. g4 b5 16. h4 Bb7 17. h5 Rh8 18. hxg6 fxg6 19. b3 Qc8 20. Rdg1 b4 21. Nd5 Nxd5 22. exd5 Qc3 23. Qxc3 bxc3 24. Re1 Kf7 25. Re3 h5 26. gxh5 Rxh5 27. Rxh5 gxh5 28. Rxc3 Bxd5 29. f4 h4 30. Rh3 Rh8 31. Nf5 Kf6 32. Nxh4 Ke6 33. Rh2 Rg8 1/2-1/2

[Event "HUN-chT2 Charousek 1011"]
[Site "Hungary"]
[Date "2011.03.27"]
[Round "7"]
[White "Horvath, Attila"]
[Black "Kokai, Miklos"]
[Result "1-0"]
[WhiteElo "2133"]
[BlackElo "1906"]
[PlyCount "121"]
[EventDate "2010.09.12"]
[EventType "team-tourn"]
[EventRounds "11"]
[EventCountry "HUN"]
[SourceTitle "EXT 2012"]
[Source "ChessBase"]
[SourceDate "2011.11.24"]
[SourceVersion "1"]
[SourceVersionDate "2011.11.24"]
[SourceQuality "1"]
[WhiteTeam "Tatai Honved"]
[BlackTeam "Csuti II"]
[WhiteTeamCountry "HUN"]
[BlackTeamCountry "HUN"]

1. e4 d5 2. exd5 Nf6 3. Nf3 Nxd5 4. d4 Bf5 5. Bc4 e6 6. 0-0 Be7 7. Re1 0-0 8. Nbd2 Nd7 9. Nf1 Rc8 10. Ng3 Bg6 11. c3 Re8 12. h4 N5b6 13. Bd3 Bxh4 14. Bxg6 hxg6 15. Nxh4 Qxh4 16. Qf3 c6 17. Ne4 Qh5 18. Qxh5 gxh5 19. Nd6 Rb8 20. Nxe8 Rxe8 21. b3 Nd5 22. Bd2 Ne7 23. c4 b5 24. cxb5 cxb5 25. a4 Nf5 26. axb5 Nxd4 27. Rxa7 Nc5 28. b6 Rb8 29. b7 Kh7 30. Bf4 Rxb7 31. Rxb7 Nxb7 32. Be3 Nxb3 33. Rb1 N7a5 34. Kf1 e5 35. Ke1 Nd4 36. Bxd4 exd4 37. Rb5 Nc6 38. Rxh5+ Kg6 39. Rc5 Nd8 40. g4 Kf6 41. f4 Ke7 42. Rc7+ Kd6 43. Ra7 g6 44. Kd2 Ke6 45. Kd3 f5 46. Ra6+ Kd5 47. gxf5 gxf5 48. Rf6 Ne6 49. Rxf5+ Kd6 50. Ke4 Ke7 51. Ra5 Kf7 52. f5 Ng5+ 53. Kf4 Nh3+ 54. Ke5 d3 55. Rd5 Nf2 56. Rd7+ Ke8 57. Ke6 Nh3 58. Rd4 Ng5+ 59. Kf6 Nh7+ 60. Kg7 Ng5 61. Rxd3 1-0

[Event "HUN-chT2 Breyer 0809"]
[Site "Hungary"]
[Date "2009.03.08"]
[Round "9"]
[White "Villanyi, Laszlo"]
[Black "Horvath, Attila"]
[Result "0-1"]
[WhiteElo "1948"]
[BlackElo "2118"]
[PlyCount "58"]
[EventDate "2008.10.26"]
[EventType "team-tourn"]
[EventRounds "11"]
[EventCountry "HUN"]
[SourceTitle "EXT 2010"]
[Source "ChessBase"]
[SourceDate "2010.11.25"]
[SourceVersion "1"]
[SourceVersionDate "2010.11.25"]
[SourceQuality "1"]
[WhiteTeam "Gyor Komszomol"]
[BlackTeam "Tatai Honved"]
[WhiteTeamCountry "HUN"]
[BlackTeamCountry "HUN"]

1. e4 c5 2. Nf3 Nc6 3. d4 cxd4 4. Nxd4 e5 5. Nb5 a6 6. Nd6+ Bxd6 7. Qxd6 Qf6 8. Qd1 Nge7 9. Nc3 0-0 10. Be3 Nd4 11. Nd5 Nxd5 12. exd5 Qg6 13. Rc1 d6 14. c3 Nf5 15. Qd2 Nh4 16. f3 Re8 17. Qf2 e4 18. f4 Nf5 19. h3 Ng3 20. Rh2 h5 21. h4 Bd7 22. Bc4 Rac8 23. Bb3 Bb5 24. c4 Bd7 25. Kd2 b5 26. c5 dxc5 27. Rxc5 Rxc5 28. Bxc5 e3+ 29. Bxe3 Ne4+ 0-1

[Event "HUN-chT2 Breyer 0809"]
[Site "Hungary"]
[Date "2009.02.22"]
[Round "8"]
[White "Horvath, Attila"]
[Black "Palla, Gyorgy"]
[Result "0-1"]
[WhiteElo "2118"]
[BlackElo "2101"]
[PlyCount "104"]
[EventDate "2008.10.26"]
[EventType "team-tourn"]
[EventRounds "11"]
[EventCountry "HUN"]
[SourceTitle "EXT 2010"]
[Source "ChessBase"]
[SourceDate "2010.11.25"]
[SourceVersion "1"]
[SourceVersionDate "2010.11.25"]
[SourceQuality "1"]
[WhiteTeam "Tatai Honved"]
[BlackTeam "Balatonfuered"]
[WhiteTeamCountry "HUN"]
[BlackTeamCountry "HUN"]

1. e4 e6 2. b3 d5 3. Bb2 Nf6 4. exd5 exd5 5. Be2 Bd6 6. Nf3 0-0 7. Nc3 c6 8. d3 Bg4 9. h3 Bh5 10. Qd2 Bb4 11. a3 Ba5 12. b4 Bc7 13. 0-0 Qd6 14. g3 Nbd7 15. Nd1 Rfe8 16. Ne3 Bb6 17. Kg2 Qe7 18. g4 Bxe3 19. fxe3 Qxe3 20. Qxe3 Rxe3 21. Kf2 Rae8 22. Bd1 Bg6 23. Bc1 R3e7 24. Bf4 h6 25. a4 a6 26. b5 Nf8 27. bxc6 bxc6 28. Rb1 Ne6 29. Bg3 c5 30. Rb6 c4 31. Ne1 Ra7 32. Be5 Nd7 33. Rxe6 fxe6 34. Bd4 Rb7 35. Bf3 cxd3 36. cxd3 Rb1 37. h4 Rc8 38. h5 Bf7 39. g5 hxg5 40. Rg1 e5 41. Be3 Rb2+ 42. Kg3 e4 43. Bg4 Rc7 44. Bxg5 exd3 45. Nf3 Nc5 46. Bf4 Ne4+ 47. Kh4 Rcc2 48. Be5 Ra2 49. Rb1 Nf6 50. Rb8+ Ne8 51. Ng5 Rxa4 52. Rb1 Rcc4 0-1

[Event "HUN-chT2 Breyer 0809"]
[Site "Hungary"]
[Date "2009.01.25"]
[Round "6"]
[White "Horvath, Attila"]
[Black "Bogad, Peter"]
[Result "1/2-1/2"]
[WhiteElo "2118"]
[BlackElo "2055"]
[PlyCount "63"]
[EventDate "2008.10.26"]
[EventType "team-tourn"]
[EventRounds "11"]
[EventCountry "HUN"]
[SourceTitle "EXT 2010"]
[Source "ChessBase"]
[SourceDate "2010.11.25"]
[SourceVersion "1"]
[SourceVersionDate "2010.11.25"]
[SourceQuality "1"]
[WhiteTeam "Tatai Honved"]
[BlackTeam "BEAC II"]
[WhiteTeamCountry "HUN"]
[BlackTeamCountry "HUN"]

1. e4 e6 2. b3 d5 3. Bb2 dxe4 4. Nc3 Nf6 5. Qe2 Nc6 6. Nxe4 Nd4 7. Nxf6+ gxf6 8. Qe4 e5 9. Bxd4 Qxd4 10. Qxd4 exd4 11. Nf3 Ba3 12. Rb1 c5 13. Bb5+ Kf8 14. 0-0 Bf5 15. Ne1 Rg8 16. Bd3 Bg6 17. Bxg6 fxg6 18. c3 d3 19. b4 c4 20. Nxd3 cxd3 21. Rb3 Bxb4 22. Rxb4 Rd8 23. Rxb7 Rg7 24. Rfb1 Rxb7 25. Rxb7 Re8 26. g3 Re2 27. Rb2 Ke7 28. Kg2 Kd6 29. Kf3 Kc5 30. a4 a5 31. Rb5+ Kc4 32. Rb2 1/2-1/2

[Event "HUN-chT2 Breyer 0809"]
[Site "Hungary"]
[Date "2008.12.21"]
[Round "4"]
[White "Horvath, Attila"]
[Black "Botos, Jozsef"]
[Result "1/2-1/2"]
[WhiteElo "2118"]
[BlackElo "2009"]
[PlyCount "81"]
[EventDate "2008.10.26"]
[EventType "team-tourn"]
[EventRounds "11"]
[EventCountry "HUN"]
[SourceTitle "EXT 2010"]
[Source "ChessBase"]
[SourceDate "2010.11.25"]
[SourceVersion "1"]
[SourceVersionDate "2010.11.25"]
[SourceQuality "1"]
[WhiteTeam "Tatai Honved"]
[BlackTeam "Dunaharaszti II"]
[WhiteTeamCountry "HUN"]
[BlackTeamCountry "HUN"]

1. e4 c6 2. d4 d5 3. e5 Bf5 4. g4 Bd7 5. Bd3 e6 6. h4 c5 7. c3 Nc6 8. Ne2 Qb6 9. Be3 cxd4 10. cxd4 Nb4 11. Nbc3 Nxd3+ 12. Qxd3 Ne7 13. f4 g6 14. Ng3 0-0-0 15. Rh2 Kb8 16. b4 Rc8 17. b5 Rc4 18. a4 Nc8 19. Nge4 Bb4 20. Rc2 Qc7 21. Nc5 Rxc3 22. Rxc3 Bxc3+ 23. Qxc3 Nb6 24. a5 Nc4 25. b6 Qc6 26. a6 axb6 27. axb7 bxc5 28. Ra8+ Kxb7 29. Rxh8 Qb5 30. dxc5 Nxe3 31. Qxe3 Qb4+ 32. Kf2 d4 33. Qc1 d3 34. Rd8 Kc7 35. Rxd7+ Kxd7 36. Ke3 Kc6 37. Kxd3 Qb3+ 38. Ke4 Qd5+ 39. Ke3 Qb3+ 40. Ke4 Qb4+ 41. Ke3 1/2-1/2

[Event "HUN-chT2 Breyer 0809"]
[Site "Hungary"]
[Date "2008.10.26"]
[Round "1"]
[White "Igler, Szilard"]
[Black "Horvath, Attila"]
[Result "1/2-1/2"]
[WhiteElo "1777"]
[BlackElo "2118"]
[PlyCount "49"]
[EventDate "2008.10.26"]
[EventType "team-tourn"]
[EventRounds "11"]
[EventCountry "HUN"]
[SourceTitle "EXT 2010"]
[Source "ChessBase"]
[SourceDate "2010.11.25"]
[SourceVersion "1"]
[SourceVersionDate "2010.11.25"]
[SourceQuality "1"]
[WhiteTeam "Turul"]
[BlackTeam "Tatai Honved"]
[WhiteTeamCountry "HUN"]
[BlackTeamCountry "HUN"]

1. e4 c5 2. Nf3 Nc6 3. d4 cxd4 4. Nxd4 e5 5. Nb5 a6 6. Nd6+ Bxd6 7. Qxd6 Qf6 8. Qa3 Nge7 9. Nd2 0-0 10. Nf3 d5 11. Bg5 Qe6 12. Bxe7 Nxe7 13. exd5 Nxd5 14. Bc4 Qc6 15. Qb3 Nf4 16. 0-0-0 Be6 17. Bxe6 Qxe6 18. Qxe6 fxe6 19. Rd7 Rf5 20. Rxb7 e4 21. Nd2 Ne2+ 22. Kd1 Rxf2 23. Nxe4 Rxg2 24. Rd7 Nf4 25. Rd2 1/2-1/2